| 000 | 00477cam a22001571 4500 | ||
|---|---|---|---|
| 082 | 0 | 0 |
_a515.243 _bKNO _cD |
| 100 | 1 |
_aKnopp, Konrad, _939260 |
|
| 245 | 1 | 0 |
_aInfinite sequences and series; _ctranslated by Frederick Bagemihl. |
| 260 |
_aNew York, _bDover Publications _c[1956] |
||
| 300 |
_a186 p. _c21 cm. |
||
| 526 |
_a0 _b0 _c0 _d515_243000000000000_KNO |
||
| 650 | 0 |
_aMCE _9379 |
|
| 650 | 0 |
_aProcesses, Infinite. _939261 |
|
| 650 | 0 |
_aSeries, Infinite. _939184 |
|
| 942 |
_2ddc _cBK |
||
| 999 |
_c543770 _d543770 |
||